Word Ladder: What Time Is It? Quiz Stats

 Plays Quiz Updated Jul 20, 2017

Support Sporcle.
Go Orange.
Score 0/15 Timer 02:00
0 Plays Today
Clue 4-Letter Word % Correct
12 O'Clock P.M.NOON
94%
It coats the inside of chimneysSOOT
91%
Golfer warningFORE
90.9%
At a large elevationHIGH
90.8%
Happening promptlySOON
90%
Result of combustionFIRE
87.2%
Fortified winePORT
85.4%
OrganizeSORT
85.1%
Clue 4-Letter Word % Correct
'The' HBO show set in BaltimoreWIRE
84.8%
Exasperated air expulsionSIGH
81.1%
To read or study attentivelyPORE
79.1%
Morecambe's comedic partnerWISE
78.3%
DesireWISH
67.1%
Dark side denizensSITH
60.5%
In respect toWITH
59.8%

Today's Daily Dose

Missing Word
'Y-Z' Pairs

Quick Pick
MCU Directors

You're not logged in!

Compare scores with friends on all Sporcle quizzes.
OR
Log In
Forgot?

From the Vault

6-Letter Countries on a Map

by manonthemoon

It's amazing how many 7-letter countries pop in to your head for this one.
Remove Ads.
Support Sporcle.
Get the best of Sporcle when you Go Orange. This ad-free experience offers more features, more stats, and more fun while also helping to support Sporcle. Thank you for becoming a member.

Show Comments

Extras

Top Quizzes Today


Score Distribution

Your Account Isn't Verified!

In order to create a playlist on Sporcle, you need to verify the email address you used during registration. Go to your Sporcle Settings to finish the process.

Report this User

Report this user for behavior that violates our Community Guidelines.

Details: